| 000 | 00370nam a2200133 i 4500 | ||
|---|---|---|---|
| 001 | 21933 | ||
| 003 | ES-MaACL | ||
| 007 | t| | ||
| 008 | 021128s1861 sp ||||1| spa d | ||
| 100 | 1 |
_aAlerany, José. _919746 |
|
| 245 | 1 | 0 |
_aSúlfidos de arsénico _b: su naturaleza y composición / _cJosé Alerany. |
| 260 |
_aMadrid : _b[s.n., _c1861] |
||
| 852 |
_aES-MaACL _jT-676-F-2 |
||
| 999 |
_c21933 _d21933 |
||